[Event "4NCL/Div4/HKF3 vs. NLIB2"]
[Site "West Bromwich ENG"]
[Date "2004.01.24"]
[Round "3.5"]
[White "Fowler, Keith"]
[Black "Harley-Yeo, Gareth"]
[Result "1/2-1/2"]
[WhiteElo "1200"]
[BlackElo "1749"]
[PlyCount "65"]
[EventDate "2004.01.24"]

1. c4 c6 2. Nc3 d5 3. e3 Nf6 4. d4 a6 5. Nf3 Bg4 6. Be2 dxc4 7. Bxc4 b5 8. Be2
Nbd7 9. O-O e6 10. a3 Be7 11. b4 O-O 12. Bb2 Nd5 13. Rc1 N7f6 14. Ne5 Bxe2 15.
Qxe2 Rc8 16. Nxd5 cxd5 17. Rxc8 Qxc8 18. Rc1 Qb7 19. Qc2 Bd6 20. Qc6 Qxc6 21.
Rxc6 Bxe5 22. dxe5 Ne4 23. f3 Nd2 24. f4 Ra8 25. Kf2 Nc4 26. Bc1 g6 27. g4 a5
28. bxa5 Rxa5 29. Rc8+ Kg7 30. Rb8 Nxa3 31. Bxa3 Rxa3 32. Rxb5 Ra4 33. h4
1/2-1/2

[Event "4NCL/Div4/HKF3 vs. NLIB2"]
[Site "West Bromwich ENG"]
[Date "2004.01.24"]
[Round "3.6"]
[White "Thomas, Jac"]
[Black "Parmar, Jyoti"]
[Result "1-0"]
[WhiteElo "1550"]
[BlackElo "928"]
[PlyCount "29"]
[EventDate "2004.01.24"]

1. e4 c5 2. d4 cxd4 3. c3 dxc3 4. Nxc3 e6 5. Bc4 d6 6. Nf3 Nc6 7. O-O g6 8. Qe2
Bg7 9. Rd1 Qc7 10. Nb5 Qb6 11. Be3 Qa5 12. Nxd6+ Ke7 13. Qd3 Qc7 14. Bc5 Kf6
15. Ne8# 1-0

[Event "4NCL/Div4/OXF1 vs. HKF2"]
[Site "West Bromwich ENG"]
[Date "2004.01.25"]
[Round "4.1"]
[White "Ozeren, Kemal"]
[Black "Pym, Thomas W"]
[Result "1/2-1/2"]
[WhiteElo "2226"]
[BlackElo "2048"]
[PlyCount "63"]
[EventDate "2004.01.25"]

1. d4 Nf6 2. Nf3 c5 3. e3 g6 4. b3 Bg7 5. Bb2 cxd4 6. exd4 O-O 7. Bd3 d6 8. O-O
Nc6 9. a3 Qc7 10. c4 e5 11. d5 Ne7 12. Nc3 Nh5 13. Re1 f5 14. Bf1 h6 15. Nxe5
Bxe5 16. Rxe5 dxe5 17. d6 Qd8 18. dxe7 Qxe7 19. Nd5 Qd6 20. Qe1 Re8 21. c5 Qxc5
22. Rc1 Qd6 23. f4 Be6 24. Nc7 exf4 25. Qc3 Kh7 26. Nxa8 Rxa8 27. Be2 Rc8 28.
Qe1 Rxc1 29. Qxc1 Qc6 30. Bxh5 Qxc1+ 31. Bxc1 gxh5 32. b4 1/2-1/2

[Event "4NCL/Div4/OXF1 vs. HKF2"]
[Site "West Bromwich ENG"]
[Date "2004.01.25"]
[Round "4.2"]
[White "Fowler, Simon"]
[Black "Savage, Ben D"]
[Result "0-1"]
[WhiteElo "2119"]
[BlackElo "2208"]
[PlyCount "112"]
[EventDate "2004.01.25"]

1. d4 Nf6 2. Bg5 e6 3. e4 c5 4. e5 h6 5. Bc1 Nh7 6. d5 d6 7. Bb5+ Bd7 8. Bc4
dxe5 9. Qh5 Qf6 10. Nf3 e4 11. Ne5 Qf5 12. Qxf5 exf5 13. Nc3 Nf6 14. d6 Be6 15.
Nb5 Na6 16. O-O Nd7 17. Bxe6 fxe6 18. Ng6 Rg8 19. Bf4 Kf7 20. Ne5+ Nxe5 21.
Bxe5 Nb4 22. Rad1 a6 23. d7 Nd5 24. Nc7 Nxc7 25. Bxc7 Be7 26. Rd2 Bd8 27. Bd6
Bb6 28. Rfd1 Rad8 29. Bf4 c4 30. c3 Kf6 31. Kf1 g5 32. Be3 Bxe3 33. fxe3 Rg7
34. Ke2 f4 35. Rd4 Kf5 36. Kf2 Rf7 37. Ke2 Rg7 38. Kf2 b5 39. Ke2 Rf7 40. Rd6
Ke5 41. R1d4 h5 42. b3 f3+ 43. gxf3 exf3+ 44. Kf2 g4 45. Rd2 Kf5 46. Kg3 e5 47.
Rd1 Ke4 48. Kf2 Rg7 49. Kg3 h4+ 50. Kxh4 Rh8+ 51. Kg3 Rh3+ 52. Kf2 Rxh2+ 53.
Kg3 Rh3+ 54. Kf2 g3+ 55. Ke1 Rxd7 56. Rxd7 Kxe3 0-1

[Event "4NCL/Div4/OXF1 vs. HKF2"]
[Site "West Bromwich ENG"]
[Date "2004.01.25"]
[Round "4.3"]
[White "Coleman, James"]
[Black "Forman, Karl L"]
[Result "1-0"]
[WhiteElo "2193"]
[BlackElo "2028"]
[PlyCount "97"]
[EventDate "2004.01.25"]

1. d4 Nf6 2. Bg5 g6 3. Bxf6 exf6 4. c4 Bg7 5. Nc3 f5 6. e3 d6 7. Nge2 O-O 8. g3
Nd7 9. Bg2 Nf6 10. O-O Re8 11. Qd3 c6 12. b4 Qe7 13. a4 Ne4 14. b5 h5 15. h4
Bd7 16. Rab1 Bh6 17. Nf4 g5 18. hxg5 Qxg5 19. Bxe4 fxe4 20. Nxe4 Rxe4 21. Qxe4
h4 22. Qf3 Bg4 23. Qg2 hxg3 24. Qxg3 Kh7 25. f3 Bf5 26. Qxg5 Bxg5 27. Rb2 Rg8
28. Rh2+ Kg7 29. Kf2 Re8 30. Rg1 f6 31. Nh3 Rh8 32. f4 Rxh3 33. Rxh3 Bxh3 34.
fxg5 fxg5 35. Rxg5+ Kf6 36. Rh5 Bf5 37. Rh6+ Ke7 38. Ke2 Bg4+ 39. Kd3 Bf5+ 40.
e4 Be6 41. d5 cxd5 42. cxd5 Bc8 43. Rh7+ Kd8 44. Kd4 Bd7 45. e5 dxe5+ 46. Kxe5
a6 47. Kd6 Be8 48. Rxb7 axb5 49. Rb8# 1-0

[Event "4NCL/Div4/OXF1 vs. HKF2"]
[Site "West Bromwich ENG"]
[Date "2004.01.25"]
[Round "4.4"]
[White "Dasaolu, Adeoyo"]
[Black "Smallbone, Kieran"]
[Result "0-1"]
[WhiteElo "1920"]
[BlackElo "2147"]
[PlyCount "104"]
[EventDate "2004.01.25"]

1. Nf3 d5 2. d4 Nf6 3. Bg5 Ne4 4. Bh4 c5 5. c3 Nc6 6. e3 Qb6 7. Qb3 c4 8. Qxb6
axb6 9. Nbd2 Nxd2 10. Nxd2 b5 11. e4 e6 12. Be2 b4 13. O-O Bd6 14. Bg3 Bxg3 15.
hxg3 bxc3 16. bxc3 Ra3 17. Nb1 Ra5 18. Bf3 Ne7 19. Nd2 Bd7 20. Rfb1 Bc6 21. Rb2
Kd7 22. exd5 exd5 23. Re1 Rha8 24. Nxc4 dxc4 25. Bxc6+ Nxc6 26. Rxb7+ Kd6 27.
Rxf7 R8a7 28. Rf4 Rxa2 29. d5 Ra1 30. Kf1 Rxe1+ 31. Kxe1 Kxd5 32. Rf5+ Ke4 33.
Rf3 Ra1+ 34. Ke2 Ra2+ 35. Kd1 Ne5 36. Re3+ Kf5 37. Re2 Rxe2 38. Kxe2 Ke4 39.
f3+ Kd5 40. Ke3 Nd3 41. g4 Nc5 42. g3 Na4 43. Kd2 Ke5 44. Kc2 Nb6 45. Kc1 Nd5
46. Kd2 Ke6 47. Kc2 Ne3+ 48. Kd2 Nf1+ 49. Ke2 Nxg3+ 50. Kf2 Nf5 51. gxf5+ Kxf5
52. Ke3 h5 0-1

[Event "4NCL/Div4/OXF1 vs. HKF2"]
[Site "West Bromwich ENG"]
[Date "2004.01.25"]
[Round "4.5"]
[White "Gunlycke, Daniel"]
[Black "Odunaiya, Victor"]
[Result "1/2-1/2"]
[WhiteElo "1976"]
[BlackElo "1848"]
[PlyCount "75"]
[EventDate "2004.01.25"]

1. e4 e6 2. d4 d5 3. Nd2 Nf6 4. e5 Nfd7 5. Bd3 c5 6. c3 Qb6 7. Ne2 Nc6 8. Nf3
Be7 9. O-O cxd4 10. cxd4 O-O 11. Nc3 Re8 12. Na4 Qd8 13. Bf4 Nb4 14. Bb1 b5 15.
Nc3 Qb6 16. g4 Nf8 17. h4 Bd7 18. g5 Rec8 19. Nh2 a5 20. Ng4 Ng6 21. Bg3 Rc4
22. Ne2 Rac8 23. Nf6+ gxf6 24. gxf6 Bf8 25. h5 Be8 26. b3 R4c6 27. hxg6 fxg6
28. Qd2 Nc2 29. Bxc2 Rxc2 30. Qe3 b4 31. Rfc1 R8c6 32. Rxc2 Rxc2 33. Rc1 Qc7
34. Bf4 Bb5 35. Rxc2 Qxc2 36. Nc1 Qd1+ 37. Kg2 Bf1+ 38. Kh2 1/2-1/2

[Event "4NCL/Div4/OXF1 vs. HKF2"]
[Site "West Bromwich ENG"]
[Date "2004.01.25"]
[Round "4.6"]
[White "James, Stephen B"]
[Black "Rawlinson, Aidan"]
[Result "1/2-1/2"]
[WhiteElo "1880"]
[BlackElo "2056"]
[PlyCount "102"]
[EventDate "2004.01.25"]

1. e4 e5 2. Nf3 Nf6 3. d4 Nxe4 4. Bd3 d5 5. Nxe5 Nd7 6. Nxd7 Bxd7 7. O-O Qh4 8.
c4 O-O-O 9. c5 g5 10. Nc3 Bg7 11. Be3 Nxc5 12. Be2 Bc6 13. Qd2 Ne6 14. g3 Qh3
15. Rfc1 f5 16. Bxg5 Nxg5 17. Qxg5 Bh6 18. Qe7 Bxc1 19. Rxc1 Qh6 20. f4 Qd6 21.
Qf7 Rd7 22. Qxf5 Qb4 23. Qd3 Re8 24. Bg4 Qxb2 25. Rb1 Qa3 26. Qc2 Qe7 27. Bxd7+
Kxd7 28. Qf5+ Kd8 29. Qg5 Qxg5 30. fxg5 Re3 31. Rc1 Rd3 32. Ne2 Rd2 33. Nf4 Ke7
34. Re1+ Kf7 35. Re2 Rxd4 36. h4 Rd1+ 37. Kf2 d4 38. Rb2 Rh1 39. Rd2 Rh2+ 40.
Ke1 Rxd2 41. Kxd2 Be4 42. Nh5 c5 43. Nf6 Bb1 44. Nd7 b6 45. Ne5+ Ke6 46. Nc6
Bxa2 47. Nxa7 c4 48. Nc6 d3 49. g4 Kd6 50. Nb4 Bb3 51. h5 Ke6 1/2-1/2

[Event "4NCL/Div4/MIN2 vs. SLO3"]
[Site "West Bromwich ENG"]
[Date "2004.01.25"]
[Round "4.1"]
[White "Stirling, William J"]
[Black "Payne, Nick"]
[Result "1/2-1/2"]
[WhiteElo "2141"]
[BlackElo "2088"]
[PlyCount "50"]
[EventDate "2004.01.25"]

1. Nf3 Nf6 2. c4 g6 3. Nc3 d5 4. cxd5 Nxd5 5. d4 Bg7 6. e4 Nxc3 7. bxc3 c5 8.
Be3 O-O 9. Qd2 cxd4 10. cxd4 Nc6 11. Rc1 Bg4 12. d5 Bxf3 13. gxf3 Ne5 14. Be2
Qd7 15. f4 Ng4 16. Bd4 Nf6 17. Bf3 Qh3 18. Ke2 Bh6 19. e5 Ng4 20. Rcg1 Nxh2 21.
Rxh2 Qxh2 22. Rh1 Qxf4 23. Rxh6 Qxd2+ 24. Kxd2 Rac8 25. Rh1 Rc4 1/2-1/2

[Event "4NCL/Div4/MIN2 vs. SLO3"]
[Site "West Bromwich ENG"]
[Date "2004.01.25"]
[Round "4.2"]
[White "de Coverly, Roger"]
[Black "Hardman, Michael J"]
[Result "1/2-1/2"]
[WhiteElo "2093"]
[BlackElo "2107"]
[PlyCount "135"]
[EventDate "2004.01.25"]

1. e4 c5 2. Nf3 e6 3. d4 cxd4 4. Nxd4 a6 5. c4 Nc6 6. Nxc6 dxc6 7. Qxd8+ Kxd8
8. Be3 Bb4+ 9. Nd2 Nf6 10. O-O-O Ke8 11. f3 Nd7 12. a3 Be7 13. Be2 e5 14. f4 f6
15. f5 g6 16. g4 a5 17. h4 a4 18. g5 gxf5 19. Bh5+ Kf8 20. exf5 Bc5 21. Nf1
Bxe3+ 22. Nxe3 Ke7 23. Rhg1 Nc5 24. gxf6+ Kxf6 25. Ng4+ Kxf5 26. Rgf1+ Ke6 27.
Bf7+ Ke7 28. Nxe5 Be6 29. Bxe6 Kxe6 30. Nf7 Rhf8 31. Ng5+ Ke5 32. Rfe1+ Kf5 33.
Nxh7 Rh8 34. Re7 Rad8 35. Rf1+ Kg4 36. Rg7+ Kh5 37. Rg5+ Kh6 38. Rxc5 Rxh7 39.
Rf6+ Kg7 40. Rf4 Rd6 41. Rg5+ Rg6 42. Rxg6+ Kxg6 43. Kc2 Re7 44. Kd3 Re1 45.
Re4 Rh1 46. c5 Kf5 47. Rxa4 Rh3+ 48. Kc2 Rh2+ 49. Kb1 Ke5 50. Rb4 Kd5 51. Rxb7
Kxc5 52. Rh7 Kc4 53. Ka2 c5 54. h5 Kb5 55. h6 c4 56. Kb1 c3 57. bxc3 Kc4 58.
Rc7+ Kb3 59. Kc1 Rxh6 60. Kd2 Rd6+ 61. Ke3 Kxa3 62. Ke4 Kb3 63. c4 Kb4 64. c5
Rd1 65. c6 Kc5 66. Rc8 Re1+ 67. Kf5 Kd6 68. c7 1/2-1/2

[Event "4NCL/Div4/MIN2 vs. SLO3"]
[Site "West Bromwich ENG"]
[Date "2004.01.25"]
[Round "4.3"]
[White "Parker, Robert"]
[Black "Tweedie, Chris"]
[Result "1/2-1/2"]
[WhiteElo "2105"]
[BlackElo "2039"]
[PlyCount "108"]
[EventDate "2004.01.25"]

1. d4 d5 2. Nf3 Nf6 3. Bg5 e6 4. e3 Be7 5. Bd3 Nbd7 6. Nbd2 c5 7. c3 Qc7 8. O-O
O-O 9. Qe2 e5 10. e4 dxe4 11. Nxe4 exd4 12. cxd4 cxd4 13. Nxd4 Qd8 14. Nf5 Re8
15. Nxe7+ Rxe7 16. Rfe1 Kf8 17. Nxf6 Nxf6 18. Bxf6 gxf6 19. Qf3 Rxe1+ 20. Rxe1
Qa5 21. Qe3 Be6 22. a3 h5 23. Rc1 Rd8 24. h3 Qg5 25. Be4 Qxe3 26. fxe3 Rd2 27.
Rc2 Rxc2 28. Bxc2 h4 29. Kf2 Ke7 30. Kf3 f5 31. Kf4 Kf6 32. Bd1 b6 33. Bf3 Bc4
34. Bc6 Be6 35. Bb7 Bb3 36. Bc8 Be6 37. Bb7 Bb3 38. g4 hxg3 39. Kxg3 Kg5 40.
h4+ Kg6 41. Kf4 Kh5 42. Kxf5 Kxh4 43. e4 Kg3 44. Bd5 Bc2 45. Bxf7 Kf3 46. Bd5
Ke3 47. Ke5 Bd3 48. b4 a5 49. Kd6 axb4 50. axb4 Kd4 51. Bc6 Kc4 52. e5 Kxb4 53.
e6 Bg6 54. e7 Bh5 1/2-1/2

[Event "4NCL/Div4/MIN2 vs. SLO3"]
[Site "West Bromwich ENG"]
[Date "2004.01.25"]
[Round "4.4"]
[White "Payne, Oliver R"]
[Black "Horton, Justin"]
[Result "1/2-1/2"]
[WhiteElo "2033"]
[BlackElo "2032"]
[PlyCount "104"]
[EventDate "2004.01.25"]

1. e4 e5 2. Nf3 Nc6 3. Bb5 a6 4. Ba4 Nf6 5. O-O Be7 6. d3 b5 7. Bb3 d6 8. a4
Rb8 9. axb5 axb5 10. Nc3 Bg4 11. Nxb5 Rxb5 12. Ba4 Rb6 13. Be3 Bd7 14. Bxb6
cxb6 15. c3 O-O 16. Nd2 Qc7 17. Nc4 Rb8 18. Bb5 d5 19. exd5 Nxd5 20. Qf3 Nf4
21. Rfe1 Bf6 22. Ne3 Rd8 23. Bc4 Ne7 24. Ra8 Bc6 25. Rxd8+ Qxd8 26. Qd1 b5 27.
Bb3 Neg6 28. d4 exd4 29. cxd4 Qxd4 30. Qc2 Qe4 31. Qxe4 Bxe4 32. f3 Bc6 33. Nf5
Ne5 34. Rxe5 Bxe5 35. Ne7+ Kf8 36. Nxc6 Bxb2 37. Bc2 Ne6 38. Kf2 Nd4 39. Nxd4
Bxd4+ 40. Ke2 h6 41. Kd3 Be5 42. g3 Ke7 43. f4 Bb8 44. Ke4 Ba7 45. h3 h5 46. g4
h4 47. Bb3 Bb8 48. Ba2 b4 49. Bb3 Ba7 50. Ba2 Bf2 51. Bb3 Be1 52. g5 g6 1/2-1/2

[Event "4NCL/Div4/MIN2 vs. SLO3"]
[Site "West Bromwich ENG"]
[Date "2004.01.25"]
[Round "4.5"]
[White "Twitchell, Neville H"]
[Black "McCarthy, Kevin C"]
[Result "0-1"]
[WhiteElo "2023"]
[BlackElo "1920"]
[PlyCount "120"]
[EventDate "2004.01.25"]

1. e4 e6 2. d4 d5 3. Nc3 Nf6 4. Bg5 Be7 5. e5 Nfd7 6. h4 a6 7. Bxe7 Qxe7 8. f4
c5 9. Nf3 Nc6 10. a3 b5 11. Ne2 Bb7 12. c3 c4 13. Ng3 g6 14. Be2 Nb6 15. h5
O-O-O 16. h6 Rdf8 17. Qd2 Kc7 18. Nf1 Bc8 19. Ne3 f6 20. Ng4 Nd7 21. Qe3 f5 22.
Nf2 Nb6 23. Nh3 Bd7 24. Nhg5 a5 25. Kf2 Ra8 26. Nh4 b4 27. g4 fxg4 28. Bxg4
Raf8 29. Kg2 b3 30. Raf1 Nd8 31. Qh3 Na4 32. Rf2 Nxb2 33. Rxb2 Qxa3 34. Rhb1
Qe7 35. Ra1 Kb6 36. Qe3 a4 37. Be2 a3 38. Rbb1 Bb5 39. Bd1 a2 40. Rb2 Qa3 41.
Qc1 Rxf4 42. Nhf3 Kc6 43. Kg3 Rf5 44. Kg4 Ba4 45. Raxa2 bxa2 46. Rb6+ Kxb6 47.
Qxa3 Bxd1 48. Qxa2 Rxg5+ 49. Kxg5 Bxf3 50. Kf6 Re8 51. Qa3 Nc6 52. Qd6 Re7 53.
Qc5+ Kb7 54. Qb5+ Kc7 55. Qa6 Re8 56. Kf7 Re7+ 57. Kf8 g5 58. Qa1 Bh5 59. Qa8
Re8+ 60. Qxe8 Bxe8 0-1

[Event "4NCL/Div4/MIN2 vs. SLO3"]
[Site "West Bromwich ENG"]
[Date "2004.01.25"]
[Round "4.6"]
[White "Russant, Stuart"]
[Black "Hawkins, J Nick"]
[Result "1/2-1/2"]
[WhiteElo "1208"]
[BlackElo "2052"]
[PlyCount "75"]
[EventDate "2004.01.25"]

1. e4 e5 2. Nf3 Nc6 3. d4 exd4 4. Nxd4 Nf6 5. Nxc6 bxc6 6. Bd3 d5 7. Qe2 dxe4
8. Bxe4 Nxe4 9. Qxe4+ Qe7 10. Qxe7+ Bxe7 11. O-O Bf5 12. c3 O-O-O 13. Be3 Kb8
14. Nd2 Rd5 15. Nf3 Bf6 16. Nd4 Bxd4 17. Bxd4 c5 18. Be3 Rhd8 19. b3 f6 20. c4
Re5 21. Rfd1 Rxd1+ 22. Rxd1 Kc8 23. Rd5 Rxd5 24. cxd5 Bb1 25. a3 Ba2 26. Bxc5
Bxb3 27. d6 cxd6 28. Bxd6 Kd7 29. Bb4 Kc6 30. h4 Kd5 31. f4 Ke4 32. g3 Kf3 33.
Kh2 Kg4 34. Bf8 g6 35. Be7 f5 36. Bf8 Bd5 37. Bb4 a6 38. Bf8 1/2-1/2

[Event "4NCL/Div4/CHED vs. PPA2"]
[Site "West Bromwich ENG"]
[Date "2004.01.25"]
[Round "4.1"]
[White "Smith, Alan A"]
[Black "Winfridsson, Håkan"]
[Result "1-0"]
[WhiteElo "2251"]
[BlackElo "2175"]
[PlyCount "95"]
[EventDate "2004.01.25"]

1. e4 e5 2. Bc4 Nf6 3. d3 Bc5 4. Nf3 Nc6 5. c3 d6 6. b4 Bb6 7. a4 a5 8. b5 Ne7
9. O-O O-O 10. Nbd2 Ng6 11. Bb3 c6 12. bxc6 bxc6 13. Rb1 Ba6 14. Bc4 Bxc4 15.
Nxc4 Bc7 16. Qc2 d5 17. Ne3 Qd7 18. Nf5 Rfb8 19. Bg5 Ne8 20. h4 f6 21. Be3 Ne7
22. Nxe7+ Qxe7 23. g3 Qe6 24. Kg2 dxe4 25. dxe4 Nd6 26. Nd2 Nc4 27. Nxc4 Qxc4
28. Rfd1 Rxb1 29. Rxb1 Bd6 30. Qb3 Qxb3 31. Rxb3 Kf7 32. Rb6 Rc8 33. Ra6 Ba3
34. Rxa5 Bb2 35. Ra7+ Ke6 36. Bc5 f5 37. exf5+ Kxf5 38. Rxg7 Bxc3 39. Bb6 Bd4
40. a5 c5 41. Rc7 Rxc7 42. Bxc7 c4 43. Kf1 c3 44. Ke2 Bxf2 45. Bb6 Bxg3 46. a6
Bf4 47. Kd1 Ke6 48. Kc2 1-0

[Event "4NCL/Div4/CHED vs. PPA2"]
[Site "West Bromwich ENG"]
[Date "2004.01.25"]
[Round "4.2"]
[White "Goodger, Martyn"]
[Black "Richardson, Alex"]
[Result "0-1"]
[WhiteElo "2138"]
[BlackElo "2091"]
[PlyCount "70"]
[EventDate "2004.01.25"]

1. e4 e5 2. Nf3 Nc6 3. d4 exd4 4. Nxd4 Nf6 5. Nxc6 bxc6 6. e5 Qe7 7. Qe2 Nd5 8.
c4 Nb6 9. g3 a5 10. Nd2 a4 11. Bg2 Ra5 12. O-O Ba6 13. Rb1 Rxe5 14. Qd3 Re1 15.
b3 Rxf1+ 16. Kxf1 Qd6 17. Qc2 Be7 18. Bb2 O-O 19. Rd1 Qg6 20. Be4 f5 21. Bd3 c5
22. Re1 Bd8 23. Re5 Qh6 24. Rxf5 Re8 25. Kg2 d6 26. Bc1 Bb7+ 27. Be4 Bc8 28.
Nf3 Qe6 29. Bd3 Bb7 30. Rf4 g6 31. Bb2 Nd7 32. Kf1 Qh3+ 33. Kg1 Bxf3 34. Bf1
Re1 35. Qd3 Qg2# 0-1

[Event "4NCL/Div4/CHED vs. PPA2"]
[Site "West Bromwich ENG"]
[Date "2004.01.25"]
[Round "4.3"]
[White "Gorka, Carl"]
[Black "Young, Craig A"]
[Result "0-1"]
[WhiteElo "2112"]
[BlackElo "2109"]
[PlyCount "102"]
[EventDate "2004.01.25"]

1. e4 e5 2. d4 exd4 3. Qxd4 Nc6 4. Qe3 d6 5. Nc3 Nf6 6. Bd2 Be7 7. O-O-O Be6 8.
Nge2 O-O 9. Nf4 Qd7 10. Ncd5 Bxd5 11. Nxd5 Nxd5 12. exd5 Ne5 13. Qg3 Qa4 14.
Kb1 Bf6 15. Bc3 Qg4 16. f3 Qxg3 17. hxg3 a6 18. Re1 Rfe8 19. Bd2 h6 20. c3 Nd7
21. Bd3 Nb6 22. c4 Na4 23. Bc1 Nc5 24. Bc2 a5 25. Rxe8+ Rxe8 26. Bd2 Ra8 27.
Re1 a4 28. Re3 Kf8 29. f4 Bd4 30. Re2 Bf6 31. g4 Ra6 32. Be3 Rb6 33. Bf5 g6 34.
Bc8 Rb4 35. g5 hxg5 36. fxg5 Be7 37. Rc2 a3 38. b3 Nxb3 39. axb3 Rxb3+ 40. Ka2
Rxe3 41. Bxb7 Bxg5 42. c5 Be7 43. cxd6 Bxd6 44. Ba6 Kg7 45. Rf2 f5 46. Rd2 Kf6
47. Bd3 Kg5 48. Be2 Kf4 49. Bd1 Kg3 50. Bc2 Re1 51. Bd1 g5 0-1

[Event "4NCL/Div4/CHED vs. PPA2"]
[Site "West Bromwich ENG"]
[Date "2004.01.25"]
[Round "4.4"]
[White "Winfridsson, Ola"]
[Black "Edwards, Simon R"]
[Result "1-0"]
[WhiteElo "2057"]
[BlackElo "2042"]
[PlyCount "39"]
[EventDate "2004.01.25"]

1. d4 Nf6 2. c4 e6 3. Nc3 b6 4. e4 Bb7 5. Bd3 d5 6. cxd5 exd5 7. e5 Ne4 8. Nge2
Be7 9. O-O O-O 10. Qc2 Nxc3 11. Bxh7+ Kh8 12. bxc3 g6 13. Bxg6 fxg6 14. Qxg6
Qe8 15. Qh6+ Kg8 16. f4 Rf7 17. Qg6+ Kf8 18. f5 Qc6 19. Bh6+ Ke8 20. e6 1-0

[Event "4NCL/Div4/CHED vs. PPA2"]
[Site "West Bromwich ENG"]
[Date "2004.01.25"]
[Round "4.5"]
[White "Buxton, David E"]
[Black "Retallick, Lloyd"]
[Result "0-1"]
[WhiteElo "2024"]
[BlackElo "1952"]
[PlyCount "94"]
[EventDate "2004.01.25"]

1. d4 Nf6 2. Bg5 d5 3. Bxf6 exf6 4. e3 Bd6 5. Bd3 O-O 6. Nd2 c6 7. Ne2 Re8 8.
Ng3 g6 9. O-O f5 10. Re1 Nd7 11. c4 Nf6 12. Nf3 dxc4 13. Bxc4 Be6 14. Bxe6 Rxe6
15. Qb3 Qb6 16. Qxb6 axb6 17. Ne2 b5 18. g3 Nd5 19. Nf4 Bxf4 20. exf4 Rxe1+ 21.
Nxe1 Ra4 22. Nf3 Rc4 23. Rd1 f6 24. Rd2 Kf7 25. Kf1 Ra4 26. b3 Ra8 27. Rb2 Nb4
28. a4 bxa4 29. bxa4 Rxa4 30. Ke2 b5 31. Ne1 Ke6 32. Kd2 Kd6 33. h4 h6 34. f3
g5 35. hxg5 fxg5 36. fxg5 hxg5 37. Rb3 Ra2+ 38. Ke3 Nd5+ 39. Kd3 Rh2 40. Rb1
Rh3 41. Ra1 Rxg3 42. Ra8 g4 43. Ke2 Rh3 44. Rf8 Rh2+ 45. Kf1 Rd2 46. Ng2 gxf3
47. Nh4 Ne3+ 0-1

[Event "4NCL/Div4/CHED vs. PPA2"]
[Site "West Bromwich ENG"]
[Date "2004.01.25"]
[Round "4.6"]
[White "Quintana, Marcos I"]
[Black "Westmorland, Conrad M"]
[Result "1-0"]
[WhiteElo "1760"]
[BlackElo "1776"]
[PlyCount "71"]
[EventDate "2004.01.25"]

1. d4 d5 2. Nf3 e6 3. g3 Be7 4. Bg2 Nf6 5. c4 c6 6. Nc3 O-O 7. O-O Nbd7 8. b3
Qa5 9. Qc2 Re8 10. Bb2 Bf8 11. Ne5 Nxe5 12. dxe5 Ng4 13. Nd1 Qc7 14. f4 Bc5+
15. Kh1 Qe7 16. h3 Nh6 17. e4 dxe4 18. Bxe4 Nf5 19. Kh2 Rd8 20. a3 Be3 21. Bc3
Bd4 22. g4 Bxc3 23. Qxc3 Nh4 24. c5 Bd7 25. Ne3 Rac8 26. b4 Ng6 27. Nc4 Qh4 28.
Nd6 Rc7 29. Ra2 b6 30. Raf2 bxc5 31. Qxc5 Rb8 32. f5 Nh8 33. a4 a6 34. b5 axb5
35. axb5 Ra8 36. b6 1-0

[Event "4NCL/Div4/BRJ vs. CAMB"]
[Site "West Bromwich ENG"]
[Date "2004.01.25"]
[Round "4.1"]
[White "Haydon, Richard"]
[Black "Moskovic, David M"]
[Result "0-1"]
[WhiteElo "2197"]
[BlackElo "2274"]
[PlyCount "68"]
[EventDate "2004.01.25"]

1. Nf3 g6 2. c4 Bg7 3. Nc3 Nf6 4. g3 O-O 5. Bg2 c5 6. O-O Nc6 7. d4 cxd4 8.
Nxd4 Nxd4 9. Qxd4 d6 10. Qd3 Qa5 11. Bd2 Qh5 12. f3 Be6 13. b3 Rfc8 14. e4 a6
15. Rac1 b5 16. Nd5 bxc4 17. Nxe7+ Kf8 18. bxc4 Kxe7 19. Bb4 Ne8 20. f4 Rab8
21. Bf3 Bg4 22. Bxg4 Qxg4 23. a3 Kf8 24. e5 Qd7 25. c5 a5 26. Bxa5 Rxc5 27.
Rxc5 Qa7 28. Bb4 dxc5 29. Qe3 Rc8 30. Rc1 Kg8 31. Bxc5 Qd7 32. Bb4 Rxc1+ 33.
Qxc1 Nc7 34. Bd6 Nb5 0-1

[Event "4NCL/Div4/BRJ vs. CAMB"]
[Site "West Bromwich ENG"]
[Date "2004.01.25"]
[Round "4.2"]
[White "Churm, Rohan M"]
[Black "Richmond, Peter A"]
[Result "0-1"]
[WhiteElo "2172"]
[BlackElo "2251"]
[PlyCount "84"]
[EventDate "2004.01.25"]

1. e4 e6 2. d4 d5 3. Nd2 Nf6 4. e5 Nfd7 5. Bd3 c5 6. c3 Nc6 7. Ne2 cxd4 8. cxd4
Nb6 9. O-O Bd7 10. f4 g6 11. Nf3 a5 12. Be3 a4 13. g4 h5 14. f5 gxf5 15. gxf5
Nb4 16. fxe6 Bxe6 17. Nf4 Nxd3 18. Qxd3 Bh6 19. Nxe6 Bxe3+ 20. Qxe3 fxe6 21.
Ng5 Rg8 22. Rf6 Qe7 23. Kh1 O-O-O 24. Rxe6 Qb4 25. Qc3+ Qxc3 26. bxc3 Nc4 27.
Nh7 Nd2 28. Rh6 Ne4 29. Rf1 b5 30. Nf6 Rgf8 31. Rf3 Rd7 32. Rxh5 Rc7 33. Rhf5
Rxc3 34. Rxc3+ Nxc3 35. Rf2 Kd8 36. Rc2 b4 37. Rb2 b3 38. a3 Ke7 39. h4 Ke6 40.
Kg2 Nb5 41. Kf3 Nxa3 42. Rg2 Nc4 0-1

[Event "4NCL/Div4/BRJ vs. CAMB"]
[Site "West Bromwich ENG"]
[Date "2004.01.25"]
[Round "4.3"]
[White "Richmond, Jane"]
[Black "Garner, David"]
[Result "0-1"]
[WhiteElo "2161"]
[BlackElo "2168"]
[PlyCount "73"]
[EventDate "2004.01.25"]

1. e4 e6 2. d4 d5 3. Nc3 Bb4 4. e5 c5 5. a3 Bxc3+ 6. bxc3 Ne7 7. Nf3 Bd7 8. Bd3
Ba4 9. O-O Nbc6 10. dxc5 Qa5 11. Rb1 O-O-O 12. Qe1 h6 13. Nd4 a6 14. f4 g6 15.
Be3 Nf5 16. Nxc6 Bxc6 17. Bd4 Qc7 18. Qe2 Rhg8 19. Rb6 g5 20. fxg5 Rxg5 21. Rf2
Nh4 22. Bxa6 Rdg8 23. Bd3 Rxg2+ 24. Rxg2 Rxg2+ 25. Qxg2 Nxg2 26. Kxg2 f6 27.
exf6 e5 28. Bf5+ Kd8 29. Bf2 Ke8 30. Be6 Qh7 31. Kh3 Qg6 32. f7+ Kf8 33. Bxd5
Qf5+ 34. Kg3 Bxd5 35. c6 Bxc6 36. Rb4 Qf3+ 37. Kh4 0-1

[Event "4NCL/Div4/BRJ vs. CAMB"]
[Site "West Bromwich ENG"]
[Date "2004.01.25"]
[Round "4.4"]
[White "Valden, Petros"]
[Black "Bareham, David"]
[Result "0-1"]
[WhiteElo "2162"]
[BlackElo "2104"]
[PlyCount "65"]
[EventDate "2004.01.25"]

1. Nf3 Nf6 2. c4 d6 3. d4 c6 4. Nc3 Qc7 5. e4 Nbd7 6. Be2 e5 7. O-O Be7 8. h3
O-O 9. Be3 a6 10. Rc1 g6 11. Qc2 Re8 12. d5 Nc5 13. b4 Ncxe4 14. Nxe4 Nxe4 15.
Nxe5 cxd5 16. Nf3 Nf6 17. Qb3 Bf5 18. Nd4 Qd7 19. Nxf5 Qxf5 20. cxd5 b5 21. Bf3
Nh5 22. Bg4 Qe5 23. Bd2 Nf4 24. Rfe1 Qd4 25. Bc3 Qxd5 26. Qxd5 Nxd5 27. Bf3
Nxc3 28. Rxc3 Ra7 29. Bc6 Rc8 30. Rec1 Rac7 31. Bb7 Rxc3 32. Re1 R8c7 33. Bxa6
0-1

[Event "4NCL/Div4/BRJ vs. CAMB"]
[Site "West Bromwich ENG"]
[Date "2004.01.25"]
[Round "4.5"]
[White "Bourne, Johnathan"]
[Black "Low, Ying-Ming"]
[Result "1-0"]
[WhiteElo "2032"]
[BlackElo "2057"]
[PlyCount "39"]
[EventDate "2004.01.25"]

1. e4 c5 2. Nf3 e6 3. d4 cxd4 4. Nxd4 Nc6 5. Nc3 Qc7 6. Be3 a6 7. Bc4 b5 8. Bb3
Bb7 9. f3 Bd6 10. Qd2 Bxh2 11. Rxh2 Qxh2 12. O-O-O Qd6 13. e5 Qe7 14. Nf5 exf5
15. Bg5 f6 16. exf6 Nxf6 17. Nd5 Qd8 18. Re1+ Kf8 19. Nxf6 gxf6 20. Bh6# 1-0

[Event "4NCL/Div4/BRJ vs. CAMB"]
[Site "West Bromwich ENG"]
[Date "2004.01.25"]
[Round "4.6"]
[White "Jones, Richard M"]
[Black "Tanner, Gary"]
[Result "0-1"]
[WhiteElo "2063"]
[BlackElo "1640"]
[PlyCount "50"]
[EventDate "2004.01.25"]

1. e4 c5 2. Nf3 d6 3. Bb5+ Bd7 4. Bxd7+ Qxd7 5. O-O Nc6 6. c3 Nf6 7. Re1 g6 8.
d4 cxd4 9. cxd4 Bg7 10. Nc3 O-O 11. Bg5 Rfe8 12. Rc1 Rac8 13. Qd2 b6 14. b3 Qc7
15. Nd5 Qb7 16. Bxf6 Bxf6 17. Qf4 Bg7 18. Ng5 e5 19. Qh4 h6 20. Nf3 exd4 21.
Rc4 g5 22. Qg4 Kf8 23. Rec1 b5 24. R4c2 d3 25. Rd2 Ne5 0-1

[Event "4NCL/Div4/GREN vs. NOTT"]
[Site "West Bromwich ENG"]
[Date "2004.01.25"]
[Round "4.1"]
[White "Pugh, Derek C"]
[Black "Greenidge, Kevin"]
[Result "0-1"]
[WhiteElo "2080"]
[BlackElo "2035"]
[PlyCount "76"]
[EventDate "2004.01.25"]

1. e4 c5 2. Nc3 d6 3. g3 e6 4. Bg2 Nc6 5. d3 Nf6 6. f4 a6 7. Nf3 Qc7 8. O-O Be7
9. a4 Rb8 10. h3 b5 11. axb5 axb5 12. g4 b4 13. Ne2 g6 14. Ng3 O-O 15. Nh2 Nd4
16. b3 Nd7 17. f5 d5 18. Bf4 Bd6 19. Bxd6 Qxd6 20. Ne2 dxe4 21. dxe4 exf5 22.
Nxd4 cxd4 23. gxf5 Ne5 24. Qd2 gxf5 25. exf5 Kh8 26. Ng4 Nxg4 27. hxg4 Bb7 28.
Rf4 Bxg2 29. Kxg2 Rfd8 30. Rd1 d3 31. c4 bxc3 32. Qxc3+ Kg8 33. Rf3 d2 34. Qe3
h6 35. f6 Rb4 36. Kh3 Kh7 37. Rf2 Rd4 38. b4 Rd3 0-1